Taylor Swift - Chansons de l'album TTPD dans l'ordre - Statistiques

Statistiques générales
  • Ce quiz a été pris 173 fois
  • Le résultat moyen est 23 sur 31
Statistiques - réponses
Hint Réponse % Correct
Piste 1 Fortnight
99%
Piste 2 The Tortured Poets Department
93%
Piste 5 So Long, London
89%
Piste 4 Down Bad
86%
Piste 3 My Boy Only Breaks His Favorite Toys
84%
Piste 6 But Daddy I Love Him
78%
Piste 7 Fresh Out The Slammer
76%
Piste 12 Loml
75%
Piste 16 Clara Bow
74%
Piste 13 I Can Do It With A Broken Heart
74%
Piste 17 The Black Dog
74%
Piste 10 Who's Afraid of Little Old Me?
74%
Piste 8 Florida!!!
73%
Piste 9 Guilty as Sin?
72%
Piste 28 Peter
72%
Piste 15 The Alchemy
72%
Piste 31 The Manuscript
72%
Piste 14 The Smallest Man Who Ever Lived
72%
Piste 11 I Can Fix Him (No Really I Can)
70%
Piste 27 Cassandra
69%
Piste 22 So High School
69%
Piste 30 Robin
68%
Piste 19 The Albatross
68%
Piste 20 Chloe or Sam or Sophia or Marcus
66%
Piste 29 The Bolter
66%
Piste 26 The Prophecy
66%
Piste 21 How Did It End?
65%
Piste 23 I Hate It Here
64%
Piste 18 Imgonnagetyouback
64%
Piste 24 thanK you aIMee
64%
Piste 25 I Look In People's Windows
63%
Aucun quiz correspondant
Distribution des résultats
% des personnes avec chaque résultat
Percentile par nombre de réponses
Votre historique - résultats
Vous n’avez pas pris ce quiz